000 00416nmm a2200181 a 4500
003 AR-BaBNM
005 20251128203609.0
008 011101s1990 ||||||||||||||000 | spa||
040 _cAR-BaBNM
100 1 _aSamuelson, Paul Anthony
245 1 0 _aEconomía
250 _a13ª ed.
260 _aMadrid
_bMcGraw-Hill
_c1990
300 _a1193 p.
700 1 _aNordhaus, William D.
942 _cBK
998 _cCasco
999 _c4074
_d4074